Central Library OPAC University of Rajshahi

Some fundamentals of the Indian problem. / (Record no. 26916)

MARC details
000 -LEADER
fixed length control field 00655cam a22002411 4500
001 - CONTROL NUMBER
control field 26916
003 - CONTROL NUMBER IDENTIFIER
rucl marc code BD-RjUL
005 - DATE AND TIME OF LATEST TRANSACTION
control field 20211209051103.0
008 - FIXED-LENGTH DATA ELEMENTS--GENERAL INFORMATION
fixed length control field 140324s1946 ii 000 0 eng d
035 ## - SYSTEM CONTROL NUMBER
System control number (BD-RjUL)26987
040 ## - CATALOGING SOURCE
Original cataloging agency DLC
Transcribing agency MH
Modifying agency DLC
-- BD-RjUL
Language of cataloging eng
041 ## - LANGUAGE CODE
Language code of text/sound track or separate title eng
082 ## - DEWEY DECIMAL CLASSIFICATION NUMBER
Classification number 954.08
Author mark and year SIS 1946
100 1# - MAIN ENTRY--PERSONAL NAME
Personal name Sitaramayya, Pattabhi
9 (RLIN) 82734
245 10 - TITLE STATEMENT
Title Some fundamentals of the Indian problem. /
Statement of responsibility, etc. by Pattabhi Sitaramayya
250 ## - EDITION STATEMENT
Edition statement [1st ed.]
260 ## - PUBLICATION, DISTRIBUTION, ETC. (IMPRINT)
Place of publication, distribution, etc. Bombay :
Name of publisher, distributor, etc. Vora,
Date of publication, distribution, etc. 1946
300 ## - PHYSICAL DESCRIPTION
Pagination 104 p. ;
Size 19 cm.
650 #0 - SUBJECT ADDED ENTRY--TOPICAL TERM
Topical term or geographic name as entry element Nationalism
Geographic subdivision India.
9 (RLIN) 82735
942 ## - ADDED ENTRY ELEMENTS (KOHA)
Source of classification or shelving scheme Dewey Decimal Classification
Koha item type Books
Holdings
Lost status Source of classification or shelving scheme Damaged status Not for loan Collection code Permanent Location Current Location Shelving location Date acquired Source of acquisition Cost, normal purchase price Total Checkouts Full call number Date last seen Copy number Koha item type
  Dewey Decimal Classification   Added to bundle Non-fiction Central Library, University of Rajshahi Central Library, University of Rajshahi Reading Room 21/10/1963 Pak. low house 8.00   954.08 SIS 1946 24/03/2014 C-1 Books